Nirgends und zu keiner stunde Gedichte
Saved in:
| Main Author: | |
|---|---|
| Format: | Book |
| Language: | English |
| Published: |
Aufbau-Verlag
1998
|
| Tags: |
Add Tag
No Tags, Be the first to tag this record!
|
MARC
| LEADER | 00000nam a22000007a 4500 | ||
|---|---|---|---|
| 008 | 210615b ||||| |||| 00| 0 eng d | ||
| 020 | |a 3-351-02825-3 | ||
| 100 | |a GERLACH, Harald. | ||
| 245 | |a Nirgends und zu keiner stunde |b Gedichte |c Harald Gerlach. |g 115p. | ||
| 260 | |b Aufbau-Verlag |c 1998 |h Berlin |i 674210 |l PT2667 .E667G65 |m Poem, Literature. | ||
| 942 | |a lcc |c BK |e YUNUSA, A.A. |f 15/6/21 | ||
| 952 | |0 0 |1 0 |2 lcc |4 0 |6 PT2667 E667 G65 |7 0 |9 2582 |a HOL |b HOL |c LP |d 2021-06-15 |l 0 |o PT2667 .E667G65 |p 2021-6432 |r 2021-06-15 00:00:00 |w 2021-06-15 |y BK | ||
| 999 | |c 1349 |d 1349 | ||